000 00290nam a22001217a 4500
008 170607b xxu||||| |||| 00| 0 eng d
041 _aeng
080 _23 ED
_a327
100 _a18
101 _aSHP
245 _aCONTINUITY AND CHANGE IN WORLD POLITICS
_cHUGES.B.B
942 _2udc
_cBK
999 _c16289
_d16289